000 01653nam a2200361 c 4500
003 BLK
005 20230623094038.0
008 180410b bul|||||r ||||||| ||bul||
010 _aKNG00153719000
020 _a978-954-399-001-6
_bиздат.: Санома Блясък България
040 _aBLK
041 _aBUL
_cBUL
072 7 _2bullib
_aН83
_xЧужда художествена литература Н
080 _aАмериканска литература (на САЩ)
_b821.111(73)
_x-31
_z821.111(73)-31
100 1 _aФилипс, Карли
_eпърви автор
_9325754
700 1 _aМакариева-Лесева, Анета Божидарова
_eпрев. от англ.
_991026
139 _aФилипс, Карли
_bФ 50
245 1 0 _aЦелуни ме, ако можеш
_cКарли Филипс; прев. от англ. Анета Макариева-Лесева.
257 _aUSA
260 София
_bСанома Блясък България
_c2012
_fСофия : Инвестпрес
300 _a192 с.
_c20 см
380 _aX
490 1 _aКолекция Cosmopolitan
500 _aОриг. загл. Kiss Me If You Can / Carly Philips ; Карли Филипс - псевд. на Karen Drogin. - Разпространява се като прил. на сп. Cosmopolitan
653 _aромантична проза
659 _aН
852 _aЦб 266663
856 4 _qpdf
_u
856 4 _qpdf
_u
942 _cKNG
_n0
_05
944 _aCR
_c25.11.2013
_lф /
_kПенка_Димитрова
944 _aED
_c21.11.2014
_lф /
_kЛюдмила_Стоянова
999 _c147506
_d147506